000 00334nam a2200109Ia 4500
008 201223s9999 xx 000 0 und d
100 _aChaudhuri, K N
245 0 _aTrade and civilisation in the India Ocean : AnEconomic History from the Rise of Islam to 1750
260 _aNew Delhi
_bMunshiram Manoharlal
300 _a269
942 _cBK
999 _c8317
_d8317